00468nam a2200169Ia 450000500170000000800410001708200130005810000210007124500190009225000080011126000360011930000130015565000100016894200060017895200990018499900150028320250509071701.0240331s9999 xx 000 0 und d bRAJa894 aRajanarayanan, K 0aKopalla kramam a3rd aShivagangaibAnam Pvt Ltdc1991 a144 p ., aNovel cL 001040708LaWERCLbWERCLcSSCd2024-03-31l0o 894.811 RAJp1428r2024-03-31w2024-03-31yL c4383d4383